El escotismo en Chile

Gespeichert in:
Bibliographische Detailangaben
1. Verfasser: Iturriaga Carrasco, Rigoberto (VerfasserIn)
Format: Buch
Sprache:Spanisch
Veröffentlicht: Santiago Publicaciones del Archivo Franciscano 1991
Schlagworte:
Tags: Tag hinzufügen
Keine Tags, Fügen Sie den ersten Tag hinzu!

MARC

LEADER 00000nam a2200000 a 4500
001 UCY3190
003 CL-VaPUC
008 941215e19910000CL |||||||||||||||||spa|d
082 0 4 |a 271.3083  |b ITU  |2 21 
100 |a Iturriaga Carrasco, Rigoberto  |e author  |9 354833 
245 1 3 |a El escotismo en Chile 
300 |a 23 p 
942 |c BK 
945 |d 19941215 00:00:00  |a aalvarez 
260 |a Santiago  |b Publicaciones del Archivo Franciscano  |c 1991 
650 0 |a Franciscanos   |9 267404 
651 7 |a CHILE  |2 CL-VaPUC  |9 331427 
583 |a last modification  |c 19941215 00:00:00  |k Rodrigo Vera 
999 |c 231400  |d 231398 
952 |0 0  |1 0  |4 0  |6 271_308300000000000_ITU_1991  |7 0  |8 A  |9 234632  |a BIBTEO  |b BIBTEO  |d 2019-11-15  |i 3043770  |o 271.3083 ITU 1991  |p 3043770  |r 2025-01-17  |w 2019-11-15  |y BK  |k ICR